[Event "EU-ch Online 2300+ Qual"]
[Site "Chess.com INT"]
[Date "2020.05.29"]
[Round "4"]
[White "Ochsner, Bjorn Moller"]
[Black "Kotrotsos, Vasilios"]
[Result "1-0"]
[WhiteElo "2479"]
[BlackElo "2306"]
[PlyCount "119"]
[EventDate "2020.05.29"]
[EventType "swiss"]
[EventRounds "8"]
[EventCountry "NET"]
[SourceTitle "CBM 196 Extra"]
[Source "ChessBase"]
[SourceDate "2020.07.31"]
[SourceVersion "1"]
[SourceVersionDate "2020.07.31"]
[SourceQuality "1"]

1. e4 e5 2. Nf3 Nc6 3. Bb5 Nf6 4. 0-0 Nxe4 5. d4 Nd6 6. Bxc6 dxc6 7. dxe5 Nf5 8. Qxd8+ Kxd8 9. Rd1+ Ke8 10. Nc3 a5 11. h3 h6 12. Bf4 Be6 13. g4 Ne7 14. Nd4 Bd7 15. Re1 Nd5 16. Nxd5 cxd5 17. e6 fxe6 18. Bxc7 Kf7 19. Nf3 Be8 20. Rad1 Bc5 21. Ne5+ Ke7 22. Nd3 Bd6 23. Bxd6+ Kxd6 24. c4 Rf8 25. Re3 Rc8 26. b3 a4 27. c5+ Ke7 28. b4 Bb5 29. Ne5 Rf6 30. f4 Kf8 31. Kh2 Kg8 32. Kg3 Rcf8 33. Rd4 Kh7 34. h4 g5 35. hxg5 hxg5 36. fxg5 Rf1 37. Nf3 Bd7 38. a3 Kg7 39. Kg2 Ra1 40. Ne5 Bb5 41. Nf3 Ra2+ 42. Kg3 Ra1 43. Rxe6 Rxa3 44. Rf4 Rxf4 45. Kxf4 Ra1 46. Nd4 Bd3 47. Nf5+ Bxf5 48. gxf5 a3 49. Re7+ Kf8 50. Rxb7 a2 51. Ra7 Rf1+ 52. Ke5 a1Q+ 53. Rxa1 Rxa1 54. Kxd5 Rb1 55. c6 Ke7 56. f6+ Kf7 57. c7 Rc1 58. Kd6 Rd1+ 59. Kc6 Rc1+ 60. Kb7 1-0

[Event "EU-ch Online 2300+ Qual"]
[Site "Chess.com INT"]
[Date "2020.05.29"]
[Round "7"]
[White "Tahirov, Farhad"]
[Black "Kotrotsos, Vasilios"]
[Result "0-1"]
[WhiteElo "2452"]
[BlackElo "2306"]
[PlyCount "52"]
[EventDate "2020.05.29"]
[EventType "swiss"]
[EventRounds "8"]
[EventCountry "NET"]
[SourceTitle "CBM 196 Extra"]
[Source "ChessBase"]
[SourceDate "2020.07.31"]
[SourceVersion "1"]
[SourceVersionDate "2020.07.31"]
[SourceQuality "1"]

1. c4 f5 2. Nc3 Nf6 3. d3 d6 4. e4 e5 5. Bg5 Be7 6. Be2 0-0 7. Nf3 c6 8. c5 Na6 9. cxd6 Qxd6 10. d4 Nxe4 11. Bxe7 Qxe7 12. Nxe5 Nc7 13. 0-0 Be6 14. Qc2 Bd5 15. Bf3 Nxc3 16. bxc3 Bxf3 17. Nxf3 Qe4 18. Qb3+ Nd5 19. Rae1 Qg4 20. h3 Qg6 21. Ne5 Qg5 22. Qxb7 Nf4 23. Qxc6 Nxh3+ 24. Kh2 Nf4 25. Re3 Rac8 26. Qb5 Qxg2# 0-1

[Event "Titled Tuesday intern op 19th May"]
[Site "Chess.com INT"]
[Date "2020.05.19"]
[Round "4"]
[White "Grabinsky, Vladimir"]
[Black "Kotrotsos, Vasilios"]
[Result "0-1"]
[WhiteElo "2219"]
[BlackElo "2306"]
[PlyCount "52"]
[EventDate "2020.05.19"]
[EventType "swiss (blitz)"]
[EventRounds "10"]
[EventCountry "USA"]
[SourceTitle "EXT 2021"]
[Source "ChessBase"]
[SourceDate "2020.10.23"]
[SourceVersion "1"]
[SourceVersionDate "2020.10.23"]
[SourceQuality "1"]

1. e4 e5 2. Nf3 Nc6 3. d4 exd4 4. c3 Nf6 5. e5 Ne4 6. Qe2 d5 7. exd6 f5 8. Nbd2 Bxd6 9. Nxe4 fxe4 10. Qxe4+ Qe7 11. Bd3 dxc3 12. 0-0 Qxe4 13. Bxe4 cxb2 14. Bxb2 0-0 15. Bd5+ Kh8 16. Ng5 Nd8 17. Rfe1 Bf5 18. Re3 h6 19. Ne4 Bxe4 20. Rxe4 c6 21. Rg4 cxd5 22. Rxg7 Ba3 23. Bc3 d4 24. Bxd4 Ne6 25. Rg3+ Nxd4 26. Rxa3 Nc2 0-1

[Event "Paleochora op 12th"]
[Site "Paleochora"]
[Date "2019.07.20"]
[Round "9"]
[White "Kobo, Ori"]
[Black "Kotrotsos, Vasilios"]
[Result "0-1"]
[WhiteElo "2484"]
[BlackElo "2259"]
[PlyCount "86"]
[EventDate "2019.07.13"]
[EventType "swiss"]
[EventRounds "9"]
[EventCountry "GRE"]
[SourceTitle "EXT 2020"]
[Source "ChessBase"]
[SourceDate "2019.10.17"]
[SourceVersion "1"]
[SourceVersionDate "2019.10.17"]
[SourceQuality "1"]

1. d4 d5 2. c4 e6 3. Nc3 c5 4. cxd5 cxd4 5. Qa4+ Bd7 6. Qxd4 exd5 7. Qxd5 Nf6 8. Qd1 Nc6 9. Nf3 Bc5 10. a3 Qe7 11. Bg5 0-0-0 12. e3 Bf5 13. Qa4 h6 14. Bxf6 Qxf6 15. Be2 g5 16. Nd2 Rhe8 17. Nde4 Bxe4 18. Nxe4 Qxb2 19. 0-0 Bb6 20. Bb5 Rxe4 21. Qxe4 Qxb5 22. Rad1 Qe5 23. Qh7 Qe6 24. Rxd8+ Bxd8 25. Rd1 Be7 26. a4 Kc7 27. h3 Qg6 28. Qh8 h5 29. a5 a6 30. Qb2 Bb4 31. Rc1 Qe4 32. Qb3 Qe7 33. Qd5 Kb8 34. Qf5 f6 35. Rd1 Bd6 36. Rd5 h4 37. Kf1 Be5 38. Ke2 Qb4 39. Qc2 Nxa5 40. Rd8+ Ka7 41. f4 gxf4 42. exf4 Bxf4 43. Kf3 Bg3 0-1

[Event "Paleochora op 12th"]
[Site "Paleochora"]
[Date "2019.07.17"]
[Round "6"]
[White "Kotrotsos, Vasilios"]
[Black "Murzin, Volodar"]
[Result "1/2-1/2"]
[WhiteElo "2259"]
[BlackElo "2429"]
[PlyCount "80"]
[EventDate "2019.07.13"]
[EventType "swiss"]
[EventRounds "9"]
[EventCountry "GRE"]
[SourceTitle "EXT 2020"]
[Source "ChessBase"]
[SourceDate "2019.10.17"]
[SourceVersion "1"]
[SourceVersionDate "2019.10.17"]
[SourceQuality "1"]

1. d4 Nf6 2. Nc3 d5 3. Bf4 g6 4. e3 Bg7 5. h4 h5 6. Nf3 0-0 7. Ne5 c5 8. Qd2 Nc6 9. f3 cxd4 10. exd4 Bf5 11. Bb5 Nb4 12. Ba4 Rc8 13. a3 Na6 14. Ne2 Nb8 15. c3 Nfd7 16. Ng3 Be6 17. Bc2 Nc6 18. Nxc6 Rxc6 19. Bh6 Nf6 20. 0-0-0 b5 21. Nxh5 Nxh5 22. g4 Ng3 23. h5 Qb8 24. hxg6 Bxh6 25. Rxh6 Qf4 26. Re1 Qxd2+ 27. Kxd2 f5 28. Rh3 Ne4+ 29. fxe4 fxe4 30. Rh7 Bxg4 31. Rxe7 Re6 32. Rxa7 Rxg6 33. Rg1 Rf2+ 34. Kc1 Bf5 35. Rxg6+ Bxg6 36. Kb1 Kf8 37. Rd7 Bf7 38. Kc1 Rf1+ 39. Kd2 Rf2+ 40. Kc1 Rf1+ 1/2-1/2

[Event "Paleochora op 12th"]
[Site "Paleochora"]
[Date "2019.07.14"]
[Round "3"]
[White "Delchev, Aleksander"]
[Black "Kotrotsos, Vasilios"]
[Result "1-0"]
[WhiteElo "2571"]
[BlackElo "2259"]
[PlyCount "85"]
[EventDate "2019.07.13"]
[EventType "swiss"]
[EventRounds "9"]
[EventCountry "GRE"]
[SourceTitle "EXT 2020"]
[Source "ChessBase"]
[SourceDate "2019.10.17"]
[SourceVersion "1"]
[SourceVersionDate "2019.10.17"]
[SourceQuality "1"]

1. d4 e6 2. e4 d5 3. Nd2 Nf6 4. e5 Nfd7 5. Bd3 c5 6. c3 Nc6 7. Ne2 cxd4 8. cxd4 f6 9. exf6 Qxf6 10. 0-0 Bd6 11. Nf3 h6 12. Ng3 0-0 13. Bc2 Rf7 14. Qd3 Nf8 15. Bd2 Bd7 16. Rae1 Be8 17. Bc3 Rc7 18. Ne5 Bxe5 19. dxe5 Qf4 20. Ne2 Qg4 21. Qd1 Bg6 22. Ba4 Bd3 23. f4 Qg6 24. Rf3 Be4 25. Rg3 Qh7 26. Re3 Rf7 27. Rf1 Ne7 28. Rh3 Bf5 29. Re3 Be4 30. Bd4 Rc8 31. Rc3 Nc6 32. Ng3 Bg6 33. Bc5 h5 34. h4 Ne7 35. Bxe7 Rxc3 36. bxc3 Rxe7 37. f5 Bxf5 38. Nxf5 exf5 39. Qxd5+ Ne6 40. Bb3 g6 41. Qd8+ Kf7 42. Rd1 Qg7 43. Bxe6+ 1-0

[Event "Athens Iraklion op 21st"]
[Site "Athens"]
[Date "2018.06.20"]
[Round "5"]
[White "Nikolov, Momchil"]
[Black "Kotrotsos, Vasilios"]
[Result "1-0"]
[WhiteElo "2541"]
[BlackElo "2253"]
[PlyCount "51"]
[EventDate "2018.06.16"]
[EventType "swiss"]
[EventRounds "9"]
[EventCountry "GRE"]
[SourceTitle "CBM 185 Extra"]
[Source "ChessBase"]
[SourceDate "2018.07.29"]
[SourceVersion "1"]
[SourceVersionDate "2018.07.29"]
[SourceQuality "1"]

1. d4 f5 2. g3 Nf6 3. Bg2 g6 4. b3 Bg7 5. Bb2 0-0 6. Nf3 d6 7. 0-0 Qe8 8. c4 Na6 9. Nc3 c6 10. Re1 Ne4 11. Qb1 Nxc3 12. Bxc3 e5 13. dxe5 dxe5 14. Qb2 f4 15. Bxe5 Bxe5 16. Nxe5 Nc5 17. Rad1 g5 18. Qd4 Qe7 19. Bxc6 bxc6 20. Nxc6 Qf6 21. Qxc5 Bh3 22. Rd6 Qg7 23. Qd4 Rae8 24. Qxg7+ Kxg7 25. Nd4 h5 26. f3 1-0

[Event "Athens Iraklion op 20th"]
[Site "Athens"]
[Date "2017.06.22"]
[Round "6"]
[White "Kotrotsos, Vasilios"]
[Black "Katopodis, Dimitrios"]
[Result "1-0"]
[WhiteElo "2269"]
[BlackElo "2169"]
[PlyCount "69"]
[EventDate "2017.06.17"]
[EventType "swiss"]
[EventRounds "9"]
[EventCountry "GRE"]
[SourceTitle "CBM 179 Extra"]
[Source "ChessBase"]
[SourceDate "2017.08.23"]
[SourceVersion "1"]
[SourceVersionDate "2017.08.23"]
[SourceQuality "1"]

1. f4 d5 2. Nf3 g6 3. g3 Bg7 4. Bg2 Nf6 5. 0-0 0-0 6. d3 c5 7. Qe1 d4 8. Na3 Nc6 9. Bd2 Nd5 10. c3 e5 11. fxe5 Nxe5 12. Nxe5 Bxe5 13. Nc2 Be6 14. c4 Nf6 15. b4 Ng4 16. Bf4 Qe7 17. bxc5 Qxc5 18. Rb1 Bxc4 19. h3 Bxf4 20. Rxf4 Be6 21. Nxd4 Ne3 22. Bxb7 Rab8 23. Rb5 Qc7 24. Nxe6 fxe6 25. Rxf8+ Rxf8 26. Bf3 Qc2 27. Qa1 Rxf3 28. Rb8+ Kf7 29. Rb7+ Ke8 30. Qh8+ Rf8 31. Rb8+ Kd7 32. Qxf8 Qc1+ 33. Kh2 Nf1+ 34. Kg2 Ne3+ 35. Kf3 1-0

[Event "Paleochora op 9th"]
[Site "Paleochora"]
[Date "2016.07.27"]
[Round "9"]
[White "Kotrotsos, Vasilios"]
[Black "Kharitonov, Alexandr"]
[Result "0-1"]
[WhiteElo "2297"]
[BlackElo "2558"]
[PlyCount "64"]
[EventDate "2016.07.20"]
[EventType "swiss"]
[EventRounds "9"]
[EventCountry "GRE"]
[SourceTitle "EXT 2017"]
[Source "ChessBase"]
[SourceDate "2016.10.25"]
[SourceVersion "1"]
[SourceVersionDate "2016.10.25"]
[SourceQuality "1"]

1. d4 Nf6 2. c4 e6 3. Nc3 Bb4 4. a3 Bxc3+ 5. bxc3 Nc6 6. e3 b6 7. Bd3 Ba6 8. e4 Na5 9. e5 Ng8 10. Qg4 Kf8 11. Bg5 f6 12. exf6 gxf6 13. Bh4 Bxc4 14. Bxc4 Nxc4 15. Nf3 Nh6 16. Qf4 Nf5 17. g4 Nxh4 18. Qh6+ Ke7 19. Qxh4 d5 20. Rg1 Kd7 21. g5 fxg5 22. Rxg5 Kc6 23. Qh6 Kb7 24. Ne5 Rg8 25. h4 Nxe5 26. dxe5 Qe7 27. Ke2 Raf8 28. Rf1 Rxg5 29. hxg5 Rf4 30. f3 Rc4 31. Qf6 Qxa3 32. Kf2 Qxc3 0-1

[Event "Paleochora op 9th"]
[Site "Paleochora"]
[Date "2016.07.22"]
[Round "4"]
[White "Gharamian, Tigran"]
[Black "Kotrotsos, Vasilios"]
[Result "1-0"]
[WhiteElo "2639"]
[BlackElo "2297"]
[PlyCount "65"]
[EventDate "2016.07.20"]
[EventType "swiss"]
[EventRounds "9"]
[EventCountry "GRE"]
[SourceTitle "EXT 2017"]
[Source "ChessBase"]
[SourceDate "2016.10.25"]
[SourceVersion "1"]
[SourceVersionDate "2016.10.25"]
[SourceQuality "1"]

1. e4 g6 2. d4 Bg7 3. Nf3 d6 4. Bc4 e6 5. Bb3 Ne7 6. 0-0 h6 7. c3 Nd7 8. Re1 b6 9. Nbd2 Bb7 10. Nf1 c5 11. Ng3 Qc7 12. h3 Rc8 13. Be3 Nf6 14. Bf4 cxd4 15. Nxd4 a6 16. e5 Nfd5 17. exd6 Qd7 18. dxe7 Nxf4 19. Qg4 Bxd4 20. Qxf4 Bg7 21. Ne4 Bxe4 22. Qxe4 Qxe7 23. Qa4+ Kf8 24. Qxa6 Rb8 25. Rad1 Kg8 26. Qb5 Kh7 27. Rd7 Qe8 28. Red1 Rf8 29. Qb4 Qc8 30. Qe4 Qc5 31. Ra7 Qe5 32. Qxe5 Bxe5 33. Bxe6 1-0

[Event "Athens Iraklion op 19th"]
[Site "Athens"]
[Date "2016.06.21"]
[Round "4"]
[White "Kotrotsos, Vasilios"]
[Black "Inkiov, Ventzislav"]
[Result "1/2-1/2"]
[WhiteElo "2275"]
[BlackElo "2467"]
[PlyCount "38"]
[EventDate "2016.06.18"]
[EventType "swiss"]
[EventRounds "9"]
[EventCountry "GRE"]
[SourceTitle "CBM 173 Extra"]
[Source "ChessBase"]
[SourceDate "2016.08.29"]
[SourceVersion "1"]
[SourceVersionDate "2016.08.29"]
[SourceQuality "1"]

1. d4 Nf6 2. c4 e6 3. Nc3 d5 4. Bg5 Bb4 5. e3 Nbd7 6. Nf3 c5 7. cxd5 exd5 8. Qc2 Qa5 9. Bd3 c4 10. Bf5 0-0 11. 0-0 g6 12. Bxd7 Nxd7 13. e4 Nb6 14. e5 Bg4 15. Nh4 Nd7 16. h3 Be6 17. f4 Qb6 18. Rad1 Kh8 19. Kh1 f5 1/2-1/2

[Event "Athens Smaok op 12th"]
[Site "Athens"]
[Date "2011.10.25"]
[Round "7"]
[White "Papadimitriou, Loukas"]
[Black "Kotrotsos, Vasilios"]
[Result "0-1"]
[WhiteElo "2123"]
[BlackElo "2332"]
[PlyCount "104"]
[EventDate "2011.09.13"]
[EventType "swiss"]
[EventRounds "7"]
[EventCountry "GRE"]
[SourceTitle "EXT 2024"]
[Source "ChessBase"]
[SourceDate "2023.10.10"]
[SourceVersion "1"]
[SourceVersionDate "2023.10.10"]
[SourceQuality "1"]

1. d4 g6 2. e4 Bg7 3. c3 d6 4. Nf3 Nf6 5. Nbd2 0-0 6. Be2 c5 7. dxc5 dxc5 8. 0-0 Nc6 9. Qc2 Qc7 10. Nc4 b6 11. Bg5 Bb7 12. Rfe1 h6 13. Bh4 Nh5 14. Nfd2 Nf4 15. Bf1 Qd7 16. Rad1 Rad8 17. Nf3 Qe6 18. Ne3 Ne5 19. Nxe5 Qxe5 20. Nd5 g5 21. Bg3 Rd6 22. f3 h5 23. h4 Bxd5 24. Rxd5 Rxd5 25. exd5 Qxd5 26. Rxe7 Ng6 27. Re4 gxh4 28. Bxh4 Be5 29. Bc4 Qd6 30. Qd3 Qxd3 31. Bxd3 f5 32. Ra4 a5 33. Kf1 Kg7 34. Bg5 Bg3 35. b4 Ne5 36. Bb5 Kg6 37. Be7 Rc8 38. bxc5 bxc5 39. Rxa5 c4 40. Ra6+ Kf7 41. Bg5 Rc5 42. a4 f4 43. Rf6+ Kg7 44. Rd6 Kh7 45. Bf6 h4 46. Re6 h3 47. gxh3 Nxf3 48. Bc6 Ng5 49. Re5 Rxc6 50. Bxg5 Rd6 51. Ke2 f3+ 52. Kxf3 Bxe5 0-1

[Event "Athens Smaok op 12th"]
[Site "Athens"]
[Date "2011.10.18"]
[Round "6"]
[White "Kotrotsos, Vasilios"]
[Black "Kourkoulos Arditis, Stamatis"]
[Result "1-0"]
[WhiteElo "2332"]
[BlackElo "2129"]
[PlyCount "95"]
[EventDate "2011.09.13"]
[EventType "swiss"]
[EventRounds "7"]
[EventCountry "GRE"]
[SourceTitle "EXT 2024"]
[Source "ChessBase"]
[SourceDate "2023.10.10"]
[SourceVersion "1"]
[SourceVersionDate "2023.10.10"]
[SourceQuality "1"]

1. e4 c5 2. Nf3 e6 3. b3 a6 4. Bb2 d6 5. g3 Nf6 6. Qe2 Be7 7. Bg2 0-0 8. 0-0 e5 9. c3 Bd7 10. d4 cxd4 11. Rd1 Bb5 12. Qe1 d3 13. c4 Bc6 14. Nc3 Nbd7 15. Rxd3 Nc5 16. Rdd1 Qe8 17. Nh4 b5 18. b4 Ne6 19. cxb5 axb5 20. Nf5 Nd4 21. Nxd4 exd4 22. Rxd4 Nd7 23. Nd5 Bxd5 24. Rxd5 Nb6 25. Rdd1 Nc4 26. Bd4 Ra4 27. Qc3 Ra3 28. Qc2 Ra4 29. Bf1 Na3 30. Qb2 f6 31. Qb3+ Kh8 32. Bb2 Qa8 33. Bxa3 Rxa3 34. Qe6 Qa7 35. Bxb5 Rf3 36. Rd2 f5 37. Rf1 f4 38. Kg2 fxg3 39. hxg3 Bg5 40. Rc2 Qd4 41. Bc4 Bd2 42. Qd5 Qxd5 43. Bxd5 Bxb4 44. a4 Ra3 45. Rb1 Bc5 46. Bc6 g6 47. e5 Rf7 48. Rd1 1-0

[Event "Nikaia op 19th"]
[Site "Nikaia"]
[Date "2011.08.31"]
[Round "7"]
[White "Stathopoulos, Ioannis"]
[Black "Kotrotsos, Vasilios"]
[Result "0-1"]
[WhiteElo "2122"]
[BlackElo "2332"]
[PlyCount "70"]
[EventDate "2011.08.26"]
[EventType "swiss"]
[EventRounds "9"]
[EventCountry "GRE"]
[SourceTitle "CBM 144 Extra"]
[Source "ChessBase"]
[SourceDate "2011.10.28"]
[SourceVersion "1"]
[SourceVersionDate "2011.10.28"]
[SourceQuality "1"]

1. d4 Nf6 2. c4 Nc6 3. Nf3 e6 4. g3 Bb4+ 5. Bd2 Qe7 6. Nc3 0-0 7. Bg2 d6 8. 0-0 Bxc3 9. Bxc3 a5 10. d5 Nb8 11. dxe6 fxe6 12. Rc1 Nbd7 13. Nd4 Nc5 14. Nb3 Na4 15. Bxa5 Nxb2 16. Qc2 Na4 17. Bd2 Ra6 18. Rb1 c6 19. Rfd1 Nd7 20. Bf4 e5 21. Be3 Nf6 22. h3 Be6 23. f4 Nh5 24. fxe5 dxe5 25. Bf2 Bf5 26. e4 Be6 27. Qe2 Qg5 28. h4 Qg6 29. Rd6 Nc3 30. Qe1 Nxb1 31. Bh3 Nf4 32. Bxe6+ Nxe6 33. Nc5 Rxa2 34. Nxe6 Raxf2 35. Nxf8 Qxg3+ 0-1

[Event "Nikaia op 19th"]
[Site "Nikaia"]
[Date "2011.08.29"]
[Round "5"]
[White "Alexakis, Dimitrios"]
[Black "Kotrotsos, Vasilios"]
[Result "0-1"]
[WhiteElo "2182"]
[BlackElo "2332"]
[PlyCount "66"]
[EventDate "2011.08.26"]
[EventType "swiss"]
[EventRounds "9"]
[EventCountry "GRE"]
[SourceTitle "CBM 144 Extra"]
[Source "ChessBase"]
[SourceDate "2011.10.28"]
[SourceVersion "1"]
[SourceVersionDate "2011.10.28"]
[SourceQuality "1"]

1. e4 g6 2. d4 Bg7 3. Nc3 d6 4. Be3 a6 5. Qd2 Nd7 6. f3 b5 7. a3 Bb7 8. Nge2 Rc8 9. h4 h5 10. d5 c5 11. dxc6 Bxc6 12. Nd4 Bb7 13. Bd3 Ngf6 14. 0-0 0-0 15. Rae1 Ne5 16. Nde2 d5 17. exd5 Nxd3 18. cxd3 Nxd5 19. Nxd5 Qxd5 20. Nc3 Qb3 21. Bg5 e6 22. Rc1 a5 23. Kh1 b4 24. axb4 axb4 25. Ne4 Bxe4 26. dxe4 Rxc1 27. Rxc1 Qxb2 28. Qd1 b3 29. Qd3 Ra8 30. Qb5 Ra1 31. Qe8+ Kh7 32. Rxa1 Qxa1+ 33. Kh2 b2 0-1

[Event "Nikaia op 19th"]
[Site "Nikaia"]
[Date "2011.08.28"]
[Round "4"]
[White "Kotrotsos, Vasilios"]
[Black "Managadze, Nikoloz"]
[Result "0-1"]
[WhiteElo "2332"]
[BlackElo "2470"]
[PlyCount "116"]
[EventDate "2011.08.26"]
[EventType "swiss"]
[EventRounds "9"]
[EventCountry "GRE"]
[SourceTitle "CBM 144 Extra"]
[Source "ChessBase"]
[SourceDate "2011.10.28"]
[SourceVersion "1"]
[SourceVersionDate "2011.10.28"]
[SourceQuality "1"]

1. e4 c5 2. Nf3 e6 3. c4 Nc6 4. Nc3 Nf6 5. Be2 e5 6. a3 Be7 7. Rb1 0-0 8. d3 h6 9. Nd5 a5 10. 0-0 d6 11. Bd2 b6 12. Nxf6+ Bxf6 13. b4 axb4 14. axb4 Bg4 15. b5 Bxf3 16. bxc6 Bxe2 17. Qxe2 Ra2 18. Rfd1 Qc8 19. Rxb6 Bd8 20. Rb5 Qxc6 21. Qg4 Kh8 22. Qh5 Qc8 23. Be3 Kg8 24. h3 Ba5 25. Qg4 f5 26. exf5 Qxf5 27. Qxf5 Rxf5 28. Rb8+ Rf8 29. Rxf8+ Kxf8 30. f4 Re2 31. Bc1 e4 32. dxe4 Rxe4 33. Kf2 Rxc4 34. Be3 Ke7 35. f5 Bc3 36. g4 Bf6 37. Kf3 Kd7 38. Bf4 Rd4 39. Rxd4 Bxd4 40. h4 d5 41. g5 h5 42. Ke2 c4 43. Bg3 Ke7 44. Kd2 Kf7 45. Kc2 g6 46. f6 Ke6 47. Kd2 Kf5 48. Ke2 Bc5 49. Bf2 d4 50. Kd2 Ke4 51. f7 Bb4+ 52. Kc2 Bf8 53. Kd2 Bg7 54. Bg3 c3+ 55. Kd1 d3 56. Bd6 c2+ 57. Kc1 Ke3 58. Bb4 Ke2 0-1

[Event "GRE-chT Div-A 38th"]
[Site "Peristeri"]
[Date "2010.07.05"]
[Round "1"]
[White "Nikolaou, Georgios"]
[Black "Kotrotsos, Vasilios"]
[Result "1/2-1/2"]
[WhiteElo "2275"]
[BlackElo "2337"]
[PlyCount "87"]
[EventDate "2010.07.05"]
[EventType "team-swiss"]
[EventRounds "7"]
[EventCountry "GRE"]
[SourceTitle "CBM 137 Extra"]
[Source "ChessBase"]
[SourceDate "2010.09.01"]
[SourceVersion "1"]
[SourceVersionDate "2010.09.01"]
[SourceQuality "1"]

1. Nf3 g6 2. g3 Bg7 3. d4 d6 4. Bg2 Nd7 5. 0-0 e5 6. c4 Ne7 7. Nc3 0-0 8. e4 exd4 9. Nxd4 Nc6 10. Nc2 Nc5 11. Ne3 Nd4 12. Ne2 Nce6 13. Nxd4 Nxd4 14. Bd2 Be6 15. Bc3 c5 16. f4 Qd7 17. Qd3 f5 18. exf5 gxf5 19. Rfe1 Rae8 20. Nc2 d5 21. cxd5 Bxd5 22. Nxd4 cxd4 23. Bb4 Bxg2 24. Kxg2 Qd5+ 25. Qf3 Qxf3+ 26. Kxf3 Rxe1 27. Rxe1 Rc8 28. Re2 b6 29. b3 a5 30. Bd6 Rc3+ 31. Kf2 d3 32. Rd2 Bd4+ 33. Kf3 Rc2 34. Rxc2 dxc2 35. Ba3 Kf7 36. h3 h5 37. Bc1 Ke6 38. Ke2 Kd5 39. Kd3 Bf2 40. a4 Bxg3 41. Be3 Bf2 42. Bc1 Bc5 43. Bb2 Bd6 44. Bc1 1/2-1/2